European Capitals - Whammies - Statistics

General Stats
  • This quiz has been taken 508 times
  • The average score is 17 of 20
Answer Stats
Country Capital % Correct
United Kingdom London
99%
Switzerland Bern
97%
Netherlands Amsterdam
96%
Finland Helsinki
95%
Spain Madrid
94%
Croatia Zagreb
93%
Bulgaria Sofia
90%
Russia Moscow
87%
Belarus Minsk
86%
Ukraine Kyiv
84%
Portugal Lisbon
84%
Liechtenstein Vaduz
83%
Lithuania Vilnius
81%
Slovakia Bratislava
76%
Slovenia Ljubljana
75%
Poland Warsaw
74%
North Macedonia Skopje
72%
Kosovo Pristina
67%
Romania Bucharest
65%
Serbia Belgrade
63%
No matching quizzes found
Score Distribution
Percent of People with Each Score
Percentile by Number Answered
Your Score History
You have not taken this quiz